000 00573nam a22001937a 4500
999 _c14306
_d14306
003 AR-CdUCM
008 190329b ||||| |||| 00| 0 spa d
040 _aMUNICIPALIDAD PROVINCIAL DEL CUSCO
_cBIBLIOTECA MUNICIPAL DEL CUSCO
082 _aEP / 895.1 /
_bD89
100 _aDongping, Liu.
_933037
245 _aLa joven Yeniang /
260 _bEditorial Zhaohua,
_aBeijing :
_c1985.
300 _bIlustraciones
_c20 cm
505 _aContenido :La joven Yeniang .
650 _aPoemas
_9929
650 _aCuentos
_9217
942 _2ddc
_cLIBROS
945 _arum
_d2019-04-22